| 000 -LEADER | |
|---|---|
| fixed length control field | 00437nam a22001817a 4500 |
| 005 - DATE AND TIME OF LATEST TRANSACTION | |
| control field | 20180710112957.0 |
| 008 - FIXED-LENGTH DATA ELEMENTS--GENERAL INFORMATION | |
| fixed length control field | 160512b xxu||||| |||| 00| 0 eng d |
| 020 ## - INTERNATIONAL STANDARD BOOK NUMBER | |
| ISBN | 9814-12656-X |
| 041 ## - LANGUAGE CODE | |
| Language code of text/sound track or separate title | eng |
| 082 ## - DEWEY DECIMAL CLASSIFICATION NUMBER | |
| Item number | 1581 |
| Classification number | 658.15 |
| 100 ## - MAIN ENTRY--AUTHOR NAME | |
| Personal name | Damodaron, Aswath |
| 245 ## - TITLE STATEMENT | |
| Title | Corporate Finance (Theory & Practice) |
| 250 ## - EDITION STATEMENT | |
| Edition statement | 2nd ed. |
| 260 ## - PUBLICATION, DISTRIBUTION, ETC. (IMPRINT) | |
| Place of publication | Singapore |
| Name of publisher | WILEG, |
| 300 ## - PHYSICAL DESCRIPTION | |
| Number of Pages | 982p, |
| 650 ## - SUBJECT ADDED ENTRY--TOPICAL TERM | |
| Topical Term | Management |
| 942 ## - ADDED ENTRY ELEMENTS (KOHA) | |
| Koha item type | Books |
| Lost status | Damaged status | Collection code | Home library | Current library | Shelving location | Date acquired | Cost, normal purchase price | Full call number | Accession Number | Koha item type |
|---|---|---|---|---|---|---|---|---|---|---|
| MANAGEMENT | JRU Library | JRU Library | SHELF -72 - I | 12/05/2016 | 395.25 | 658.15 | 1581 | Books | ||
| MANAGEMENT | JRU Library | JRU Library | SHELF -72 - I | 12/05/2016 | 395.25 | 658.15 | 1582 | Books | ||
| MANAGEMENT | JRU Library | JRU Library | SHELF -72 - I | 12/05/2016 | 395.25 | 658.15 | 1583 | Books | ||
| MANAGEMENT | JRU Library | JRU Library | SHELF -72 - I | 12/05/2016 | 395.25 | 658.15 | 1584 | Books | ||
| MANAGEMENT | JRU Library | JRU Library | SHELF -72 - I | 12/05/2016 | 395.25 | 658.15 | 1585 | Books |